1737 1387 1627 1447 1632 1461 1970 1159 1548 1521 1880 1521 1347 1675 1410 1790 1819 1224 1838 1007 1581 1819 1691 1268 1714 1848 1216 1555 1812 1590 1784 1369 1556 1048 1265 1863 1525 1396 1661 1454 1454 1968 1670 1233 1753 1705 1202 1139 1667 1151 1243 1778 1696 1984 1839 1732 1740 1963 1221 1892 1018 1510 1670 1979 1837 1268 1144 1849 1220 1198 1270 1350 1628 1420 1509 1823 1908 1749 1982 1915 1858 1899 1229 1844 1580 1507 1971 1860 1171 1448 1591 1208 1603 1076 1685 1403 1173 1546 1049 BCNSPRNW ULIB Ver.6.0+V

เปลี่ยนเป็นภาษาไทย

Change to English
 แสดงรายละเอียดบรรณานุกรม
  กลับหน้าหลัก

Brief Record : Get Marc (ISO 2709) : E-mail record : QR code < ปิดหน้าต่าง
LEADER : 00000nam 2200000uu 4500
001    13399125666
003     ULIB
008    170713s2558||||th 000 0 tha d
020    ^a9786164030060
060  0 ^aWB541^bน941ข
100 0  ^aโนบุโกะ, วาตานาเบะ
245 00 ^aขยับ ปรับ สรีระ บอกลาปัญหาสุขภาพ /^cโนบุโกะ, วาตานาเบะ
260    ^aกรุงเทพฯ :^bฟรีมายด์,^c2558
300    ^a120 หน้า :^bภาพประกอบ ;^c21 ซม.
650  0 ^aกายบริหาร
700 0  ^aสุธีรา ครุธคำรพ^eผู้แปล
945    ^p150^l0^i25248
999    ^aกัณชพร จุลอักษร
รายการนี้ยังไม่มีแท็ก
คุณยังไม่ได้ล็อกอิน คุณสามารถมีกิจกรรมร่วมกับเว็บไซต์ได้ แต่ต้องล็อกอินก่อน ::
  ล็อกอิน

รายการสื่อสารสนเทศ

ลำดับที่ ประเภท เลขเรียก/บาร์โค้ด สถานที่ สถานะ
1. วิทยาศาสตร์การแพทย์ และสุขภาพ
วิทยาศาสตร์การแพทย์ และสุขภาพ
WB541 น941ข ฉ.1 
  Barcode: 25248
ห้องสมุดวิทยาเขตนครสวรรค์
►ส่วนจัดเก็บหนังสือเก่า นว.
บนชั้น
  ขอยืม

รายการใกล้เคียง
    ผู้แต่ง [โนบุโกะ, วาตานาเบะ]

    หัวเรื่อง [กายบริหาร]

BibComment


ยังไม่เคยถูกคอมเมนท์

คอมเมนท์ทรัพยากรรายการนี้
  คอมเมนท์: ขยับ ปรับ สรีระ ..


 Copyright 2026. Bcnsprnw @Library